00965nam a2200241 a 450000500170000000800410001701000170005802000250007503500170010003700080011704000180012508200100014310000200015324501690017326000330034227000570037530000290043244000310046152001420049265000430063470000240067770000220070120091218105921.0080508s2008 ctua 000 0 eng  aB-379809-827 a978938032634c295.00 aB-379809-827 bUBH adplbEnglish  a158.1 aCanfield, Jack  aChicken soup for the Indian teenage soul:b101 stories to celebrate & learn from our growing-up years /cby Jack Canfield, Mark Victor Hanson [and] Raksha Bharadia aNew Dellhi bWestland c2009 a47, Brij Mohan Road, Daryaganj, bNew Delhi e110002 axi, 336 p. c22 cm(pbk)  aChicken soup for the soul  aCollects anecdotes from teenagers about friendship, peer pressure, self-acceptance, family life, relationships, and overcoming obstacles. aTeenagersxConduct of lifevAnecdotes. aHanson, Mark Victor aBharadia, Raksha